[Event "Interzonal-16"]
[Site "Biel"]
[Date "1993.??.??"]
[Round "8"]
[White "Portisch, Lajos"]
[Black "Lautier, Joel"]
[Result "1/2-1/2"]
[WhiteElo "2585"]
[BlackElo "2620"]
[Annotator "ChessBase"]
[PlyCount "97"]
[EventDate "1993.07.16"]
[EventType "swiss"]
[EventRounds "13"]
[EventCountry "SUI"]
[SourceTitle "CBM 037"]
[Source "ChessBase"]
[SourceDate "1993.12.01"]
[SourceVersion "1"]
[SourceVersionDate "1993.12.01"]
[SourceQuality "1"]

1. d4 d5 2. c4 c6 3. Nf3 Nf6 4. Qb3 e6 5. Nc3 dxc4 6. Qxc4 b5 7. Qd3 Be7 8. Bg5
O-O 9. e4 b4 10. Na4 Ba6 11. Qc2 Bxf1 12. Kxf1 Nbd7 13. g3 Rc8 (13... c5) 14.
Rd1 c5 15. dxc5 Qc7 16. Kg2 Nxc5 17. Nxc5 Qxc5 18. Qxc5 Bxc5 19. Bxf6 gxf6 20.
Rd2 Bb6 21. Rhd1 Rc4 22. Re2 Rd8 23. Rxd8+ Bxd8 24. b3 Rc1 25. Ne1 Rd1 26. Nc2
Be7 27. Ne3 Rd4 28. Kf3 $14 Rd7 29. Rc2 Bd8 30. Ke2 Bb6 31. Rd2 Rc7 32. Nc4 Bc5
33. Rc2 Rb7 34. Nb2 Bd4 35. Rc8+ Kg7 36. Nc4 Rd7 37. Rc6 Kg6 38. f4 f5 39. e5
Bg1 40. Kf3 Rd1 41. h3 h5 42. g4 Rd3+ 43. Kg2 Be3 44. gxh5+ Kxh5 45. Nxe3 Rxe3
46. Ra6 Kh4 47. Rxa7 Rg3+ 48. Kf2 Rxh3 49. Rxf7 1/2-1/2

[Event "Bundesliga 9697"]
[Site "Germany"]
[Date "1997.??.??"]
[Round "?.8"]
[White "Reeh, Oliver"]
[Black "Goetz, Ralph"]
[Result "1/2-1/2"]
[WhiteElo "2410"]
[BlackElo "2310"]
[Annotator "ChessBase"]
[PlyCount "144"]
[EventDate "1996.10.12"]
[EventType "team-tourn"]
[EventRounds "15"]
[EventCountry "GER"]
[SourceTitle "GER-chT"]
[Source "ChessBase"]
[SourceDate "1999.07.01"]
[SourceVersion "1"]
[SourceVersionDate "1999.07.01"]
[SourceQuality "1"]
[WhiteTeam "Solingen"]
[BlackTeam "Passau"]
[WhiteTeamCountry "GER"]
[BlackTeamCountry "GER"]

1. d4 Nf6 2. c4 e6 3. Nf3 d5 4. Nc3 c6 5. Qb3 dxc4 6. Qxc4 b5 7. Qb3 Nbd7 8.
Bg5 Qa5 9. Bxf6 Nxf6 10. e3 a6 11. Be2 c5 12. O-O Bb7 13. Ne5 Be7 14. dxc5 Bxc5
15. Rac1 Rc8 16. a4 b4 17. Nb1 O-O 18. Bf3 Bxf3 19. Nxf3 Nd5 20. Nbd2 Nb6 21.
Nc4 Qxa4 22. Qxa4 Nxa4 23. Ra1 Be7 24. Rxa4 Rxc4 25. Rxa6 Rc2 26. Rb1 Rfc8 27.
g3 Rc1+ 28. Rxc1 Rxc1+ 29. Kg2 g6 30. Nd4 Rb1 31. Ra8+ Kg7 32. Ra7 Kf6 33. Nc6
Bc5 34. Rb7 Rxb2 35. Nd8 Be7 36. Nc6 Bc5 37. Nd8 Bxe3 38. Rxf7+ Kg5 39. Nxe6+
Kh6 40. Kf1 Rxf2+ 41. Rxf2 Bxf2 42. Ke2 g5 43. g4 Bg1 44. h3 Kg6 45. Nf8+ Kg7
46. Nd7 Bd4 47. Kd3 b3 48. Nb8 b2 49. Kc2 Kf6 50. Nc6 Bc3 51. Na7 Ke6 52. Nb5
Bf6 53. Na3 Ke5 54. Kxb2 Kf4+ 55. Kc2 Kg3 56. Nc4 Kxh3 57. Ne3 Be5 58. Kd3 Bf4
59. Nd5 h6 60. Ke2 Kxg4 61. Kf2 Kf5 62. Nc3 g4 63. Kg2 h5 64. Nd1 Be5 65. Nf2
Bd4 66. Nh3 Be3 67. Kg3 Ke4 68. Kg2 h4 69. Kh1 Kf3 70. Kh2 Bf4+ (70... g3+ $19)
71. Kh1 Kg3 $4 72. Nf2 Kxf2 1/2-1/2

[Event "Khanty-Mansiysk FIDE GP (Women)"]
[Site "Khanty-Mansiysk"]
[Date "2014.04.17"]
[Round "8"]
[White "Girya, Olga"]
[Black "Muzychuk, Anna"]
[Result "1-0"]
[WhiteElo "2450"]
[BlackElo "2560"]
[Annotator "ChessBase Website"]
[PlyCount "157"]
[EventDate "2014.04.09"]
[EventType "tourn"]
[EventRounds "11"]
[EventCountry "RUS"]
[EventCategory "10"]
[SourceTitle "CBM 160"]
[Source "ChessBase"]
[SourceDate "2014.05.15"]
[SourceVersion "1"]
[SourceVersionDate "2014.05.15"]
[SourceQuality "1"]
[TimeControl "40/5400+30:1800+30"]
[WhiteClock "1:30:00"]
[BlackClock "1:30:00"]

1. d4 {[%emt 0:00:00]} d5 {[%emt 0:00:00] The game of the day, absolutely the
most important for standings. Girya exhibited great chess, converting a small
advantage from the opening into a large positional one, eventually landing
herself in a rook endgame up a pawn. Girya was able to break through
Muzychuk's very stubborn defense in a marathon 79 move game!} 2. c4 {[%emt 0:
00:20]} c6 {[%emt 0:00:00]} 3. Nf3 {[%emt 0:00:09]} Nf6 {[%emt 0:00:00]} 4. Nc3
{[%emt 0:00:05]} e6 {[%emt 0:00:06]} 5. Bg5 {[%emt 0:00:03]} h6 {[%emt 0:00:18]
} 6. Bxf6 {[%emt 0:00:10]} Qxf6 {[%emt 0:00:09]} 7. Qb3 {[%emt 0:02:08]} a5 {
[%emt 0:01:54]} 8. e3 {[%emt 0:00:19]} Nd7 {[%emt 0:01:58]} 9. Bd3 {[%emt 0:03:
55]} Bd6 {[%emt 0:07:47]} 10. O-O {[%emt 0:00:56]} O-O {[%emt 0:06:00]} 11.
Rad1 $146 {[%emt 0:06:41]} (11. Rfe1 Bc7 12. Rad1 Qe7 13. a3 dxc4 14. Qxc4 e5
15. Ne4 Re8 16. Qc2 Nf6 17. Nxf6+ Qxf6 18. d5 Qe7 19. Bh7+ Kh8 20. Be4 c5 21.
Nd2 Bd6 22. a4 g6 23. Bd3 f5 24. Bb5 Rd8 25. Nc4 Qc7 26. Qc3 Kh7 27. f4 e4 28.
Qf6 b6 29. Ne5 Rg8 30. Qf7+ Qxf7 31. Nxf7 Bf8 32. d6 Be6 33. Ne5 Rd8 34. d7 Rg7
35. Rd2 g5 36. Red1 gxf4 37. exf4 e3 38. Re2 c4 39. Rxe3 Bc5 40. Kf2 Bxe3+ {
Navara,D (2700)-Perunovic,M (2617) Yerevan 2014 1-0}) 11... dxc4 {[%emt 0:08:
24]} 12. Qxc4 {[%emt 0:01:00]} Qe7 {[%emt 0:01:48]} 13. Ne4 {[%emt 0:03:17]}
Bc7 {[%emt 0:05:03]} 14. Bb1 {[%emt 0:07:23]} Nf6 {[%emt 0:10:49]} 15. Nxf6+ {
[%emt 0:05:51]} Qxf6 {[%emt 0:00:08]} 16. Qc2 {[%emt 0:01:12]} g6 {[%emt 0:07:
54]} 17. e4 {[%emt 0:10:39]} Qe7 {[%emt 0:13:51]} 18. e5 {[%emt 0:04:09]} Bd7 {
[%emt 0:00:15]} 19. Nd2 {[%emt 0:06:16]} f5 {[%emt 0:05:09]} 20. exf6 {[%emt 0:
00:37]} Rxf6 {[%emt 0:00:04]} 21. Ne4 {[%emt 0:01:27]} Rf5 {[%emt 0:01:24]} 22.
Nc5 {[%emt 0:05:29]} b6 {[%emt 0:07:58]} 23. Nxd7 {[%emt 0:04:19]} Qxd7 {
[%emt 0:00:02]} 24. Qc3 {[%emt 0:08:04]} Rf6 {[%emt 0:04:07]} 25. Be4 {[%emt 0:
00:54]} Rc8 {[%emt 0:01:14]} 26. g3 {[%emt 0:02:38]} Bd8 {[%emt 0:01:06]} 27.
Rc1 {[%emt 0:01:10]} Be7 {[%emt 0:04:43]} 28. Bxc6 {[%emt 0:05:22]} Qd6 {
[%emt 0:00:06]} 29. Rfe1 {[%emt 0:03:00]} Kg7 {[%emt 0:03:49]} 30. Qc4 {
[%emt 0:05:17]} Qb4 {[%emt 0:02:54]} 31. Qxb4 {[%emt 0:06:31]} Bxb4 {[%emt 0:
00:06]} 32. Re5 {[%emt 0:00:31]} Bc5 {[%emt 0:01:47]} 33. dxc5 {[%emt 0:01:31]}
Rxc6 {[%emt 0:00:00]} 34. Rc3 {[%emt 0:01:55]} Rf5 {[%emt 0:00:22]} 35. cxb6 {
[%emt 0:01:08]} Rxb6 {[%emt 0:01:17]} 36. Rxf5 {[%emt 0:02:31]} gxf5 {[%emt 0:
03:55]} 37. b3 {[%emt 0:00:06]} Rb5 {[%emt 0:01:02]} 38. Rc7+ {[%emt 0:00:18]}
Kf6 {[%emt 0:00:01]} 39. Ra7 {[%emt 0:00:17]} h5 {[%emt 0:00:09]} 40. Kg2 {
[%emt 0:00:00]} Rd5 {[%emt 0:00:00]} 41. a4 {[%emt 0:06:48]} Rc5 {[%emt 0:07:
09]} 42. Rb7 {[%emt 0:02:47]} Rc3 {[%emt 0:00:19]} 43. Rb5 {[%emt 0:00:54]} h4
{[%emt 0:04:02]} 44. gxh4 {[%emt 0:01:12]} Rd3 {[%emt 0:05:36]} 45. Rb6 {
[%emt 0:03:03]} Rc3 {[%emt 0:07:30]} 46. h5 {[%emt 0:02:02]} Kg5 {[%emt 0:00:
29]} 47. Rxe6 {[%emt 0:01:55]} Kxh5 {[%emt 0:01:41]} 48. Re5 {[%emt 0:02:07]}
Kg4 {[%emt 0:00:07]} 49. Rxa5 {[%emt 0:00:46]} Rxb3 {[%emt 0:00:02]} 50. h3+ {
[%emt 0:04:08]} Rxh3 {[%emt 0:08:04]} 51. Rxf5 {[%emt 0:00:09]} Ra3 {[%emt 0:
00:06]} 52. Ra5 {[%emt 0:00:03]} Rg3+ {[%emt 0:00:09]} 53. Kf1 {[%emt 0:00:20]}
Ra3 {[%emt 0:00:04]} 54. Ke2 {[%emt 0:01:33]} Kf4 {[%emt 0:00:06]} 55. Ra8 {
[%emt 0:01:07]} Ke4 {[%emt 0:00:05]} 56. Re8+ {[%emt 0:02:03]} Kd5 {[%emt 0:02:
28]} 57. Rd8+ {[%emt 0:01:07]} Ke5 {[%emt 0:00:26]} 58. Ra8 {[%emt 0:00:05]}
Ke4 {[%emt 0:00:13]} 59. f3+ {[%emt 0:00:50]} Kf4 {[%emt 0:02:15]} 60. Rf8+ {
[%emt 0:00:10]} Kg5 {[%emt 0:00:22]} 61. Rg8+ {[%emt 0:00:32]} Kf5 {[%emt 0:00:
11]} 62. Rg4 {[%emt 0:00:11]} Rb3 {[%emt 0:00:53]} 63. Rc4 {[%emt 0:00:48]} Ke5
{[%emt 0:00:29]} 64. Kf2 {[%emt 0:00:28]} Kd5 {[%emt 0:00:33]} 65. Rh4 {
[%emt 0:00:15]} Ra3 {[%emt 0:00:13]} 66. Kg3 {[%emt 0:00:29]} Kd6 {[%emt 0:00:
09]} 67. Rh6+ {[%emt 0:01:37]} Ke5 {[%emt 0:00:25]} 68. a5 {[%emt 0:00:22]} Kf5
{[%emt 0:00:32]} 69. Ra6 {[%emt 0:01:11]} Ra1 {[%emt 0:01:28]} 70. Ra8 {
[%emt 0:00:25]} Kf6 {[%emt 0:00:36]} 71. a6 {[%emt 0:00:07]} Ra4 {[%emt 0:00:
30]} 72. a7 {[%emt 0:01:57]} Kg7 {[%emt 0:00:02]} 73. f4 {[%emt 0:00:05]} Ra3+
{[%emt 0:00:57]} 74. Kf2 {[%emt 0:00:06]} Ra2+ {[%emt 0:00:16]} 75. Ke3 {
[%emt 0:00:05]} Ra3+ {[%emt 0:00:34]} 76. Kd2 {[%emt 0:00:07]} Ra6 {[%emt 0:00:
22]} 77. f5 {[%emt 0:00:31]} Rd6+ {[%emt 0:00:18]} 78. Kc3 {[%emt 0:00:09]} Rd7
{[%emt 0:00:05]} 79. Rg8+ {[%emt 0:00:34]} 1-0

[Event "NED-ch54"]
[Site "Rotterdam "]
[Date "1999.05.29"]
[Round "1"]
[White "Janssen, Ruud"]
[Black "Cifuentes Parada, Roberto"]
[Result "0-1"]
[WhiteElo "2445"]
[BlackElo "2529"]
[Annotator "Cifuentes Parada,L"]
[PlyCount "90"]
[EventDate "1999.05.29"]
[EventType "tourn"]
[EventRounds "11"]
[EventCountry "NED"]
[EventCategory "12"]
[SourceTitle "CBM 072"]
[Source "ChessBase"]
[SourceDate "1999.10.01"]
[SourceVersion "1"]
[SourceVersionDate "1999.10.01"]
[SourceQuality "1"]

1. Nf3 d5 2. d4 Nf6 3. c4 c6 4. Nc3 e6 5. Bg5 h6 6. Bh4 dxc4 7. e4 Be7 8. e5 (
8. Bxc4 $2 Nxe4 $1 {[#] (1) 0.41/1} 9. Bxe7 Nxc3 10. Bxd8 Nxd1 $17) 8... Nd5 9.
Bxe7 Qxe7 10. Bxc4 Qb4 11. Qb3 (11. Bxd5 exd5 12. O-O Bg4 13. Qd3 Bxf3 14. gxf3
O-O $11 {Urban,K-Kuczynski,R/ Poland (ch) 1992}) 11... Qxb3 (11... a5 12. O-O
b6 13. Ne4 Qxb3 14. Bxb3 Ke7 15. a3 $1 Ba6 16. Rfc1 Ra7 17. Nd6 Nf4 18. Rc2 Bd3
19. Rd2 Bh7 20. Rc1 Rd8 21. Ne1 Rc7 22. g3 Nh3+ 23. Kf1 Ng5 24. d5 $1 exd5 25.
Bxd5 Ne6 26. Ba2 c5 27. f4 Nc6 28. Nf3 $16 Rcd7 29. Kf2 Kf8 30. Bb3 Ncd4 31.
Bxe6 Nxe6 32. Rcd1 a4 33. f5 Nc7 34. g4 g6 35. e6 fxe6 36. Ne5 exf5 37. Nxd7+
Rxd7 38. gxf5 gxf5 39. Nc4 Rxd2+ 40. Rxd2 b5 41. Rd7 bxc4 42. Rxc7 {1-0
Cifuentes Parada,R-Odendahl,R/Dieren open 1998 (42)}) 12. axb3 (12. Bxb3 Nxc3
$5 (12... Ke7 13. Ne4 Rd8 $14) 13. bxc3 Ke7 14. Nd2 c5 $1 15. Ne4 cxd4 16. cxd4
Nc6 17. Rd1 Rd8 18. Nd6 Rb8 $11) 12... Ke7 13. Kd2 Rd8 (13... Nd7) 14. Bxd5
exd5 15. h3 Nd7 (15... Na6 16. Rxa6 $5 bxa6 17. Na4 Rb8 18. Nc5 Rb6 19. Ra1 Bf5
20. Kc3 Be4 21. Ne1 f6 22. f3 Bf5 23. f4 $44) 16. Ne1 $6 (16. Na4 b6) (16. b4
$1 f6 $1 (16... Nf8 $6 17. b5 Ne6 18. bxc6 bxc6 19. b4 $14) 17. Rhe1 fxe5 18.
Nxe5 Nxe5 19. Rxe5+ Kd6 20. b5 Rf8 21. Ke3 Bd7 22. f4 a6 23. bxc6 Bxc6 24. h4
a5 $132) 16... f6 $1 17. Nd3 fxe5 18. Nxe5 Nxe5 19. Rhe1 Rf8 $1 20. Rxe5+ Kd6
21. Ke3 (21. f3 $2 Rf4 $1 22. Ke3 Rxd4 $1 23. Kxd4 (23. Re8 Rb4) 23... c5+ 24.
Ke3 Kxe5 25. Na4 d4+ 26. Kd2 Kf4) 21... Bd7 22. f4 g5 $1 23. fxg5 hxg5 24. Re1
$8 (24. Rxg5 $2 Rae8+ 25. Kd3 $8 Rf2 26. Nd1 Bf5+ 27. Kc3 Rc2+ 28. Kb4 a5+ $3 (
28... Be4 29. Rxa7 Rd2 30. Nc3 Rxd4+ 31. Ka3 $13) 29. Rxa5 (29. Kxa5 $4 Ra8+
$19) 29... Re4 $1 30. Ka3 (30. Rxf5 Rxd4+ 31. Ka3 Rxd1 32. g4 b6 $1 33. Ra4 c5
$1 34. b4 c4 $19) 30... Be6 $1 31. Nc3 Rxd4 32. Ra4 (32. Ra7 b5 33. Na2 Rdd2
34. Nb4 Rc1 35. g4 Ra1+ 36. Na2 c5 $19) 32... Rdd2 33. g4 Rxb2 34. Rf4 Rbc2 35.
Rf3 Rc1 $1 36. Kb4 Ra1 $1 $19) 24... Rae8 (24... g4 $5) 25. Kd3 a5 $1 26. Rxe8
Bxe8 27. Re5 Bg6+ (27... g4 28. h4 $1 (28. hxg4 Bd7 29. g5 Rf4 30. Ne2 Rxd4+
31. Nxd4 Kxe5 $17) 28... g3 29. Ke3 Bd7 30. Ne2 Rf2 31. Nxg3 Rxg2 32. Kf4 Rxb2
33. h5 Rh2 34. Kg5 $132) 28. Ke3 Rf5 29. Rxf5 Bxf5 $15 30. Kd2 c5 31. Ne2 b6
32. Kc3 Ke6 33. Kd2 Kd6 34. Kc3 b5 $2 (34... Be4 $1 35. g3 Bg2 36. h4 Bf1 $1
37. Nc1 (37. Ng1 gxh4 38. gxh4 Ke6 39. Nf3 Kf5 40. Ne5 Ke4 41. Nd7 Ke3 42. Kc2
cxd4 43. Nxb6 d3+ 44. Kb1 Bg2 $19) 37... gxh4 38. gxh4 Ke6 39. Kd2 Kf5 40. dxc5
(40. Na2 cxd4 41. Nc1 Kg4 42. Ne2 Kxh4 43. Nxd4 Kg5 44. Ke3 Kf6 45. Kf4 Bd3 46.
Nc6 Bc2 47. Nd4 Bd1 48. Ke3 Ke5 49. b4 a4) 40... bxc5 $17) 35. dxc5+ Kxc5 36.
Kd2 d4 37. b4+ axb4 38. Nc1 Kc4 39. b3+ Kd5 40. Nd3 Ke4 41. g3 $2 (41. Nxb4 $1
Kf4 42. Nc6 $1 d3 (42... Be4 43. Nxd4 Bxg2 44. Nxb5 Bxh3 45. Nd4 $11) 43. Nd4
Be4 44. g4 $1 Kg3 (44... b4 45. Ne6+) 45. Nxb5 Kxh3 46. Nd6 Bd5 47. b4 Kxg4 48.
Kxd3 $11) 41... Kf3 42. h4 g4 $1 $19 43. h5 Kxg3 44. h6 Kh2 45. Nf4 g3 0-1

[Event "Hoogovens-B"]
[Site "Wijk aan Zee"]
[Date "1997.01.22"]
[Round "2"]
[White "Atalik, Suat"]
[Black "Cifuentes Parada, Roberto"]
[Result "1-0"]
[WhiteElo "2555"]
[BlackElo "2515"]
[Annotator "Cifuentes Parada,L"]
[PlyCount "77"]
[EventDate "1997.01.21"]
[EventType "tourn"]
[EventRounds "11"]
[EventCountry "NED"]
[EventCategory "10"]
[SourceTitle "CBM 057"]
[Source "ChessBase"]
[SourceDate "1997.04.01"]
[SourceVersion "1"]
[SourceVersionDate "1997.04.01"]
[SourceQuality "1"]

1. d4 {Lutz} d5 2. c4 c6 3. Nf3 Nf6 4. Nc3 e6 5. Bg5 h6 6. Bxf6 Qxf6 7. a3 (7.
e3 {Lutz} Nd7 8. a3 g6 (8... Bd6 9. e4) 9. e4) 7... Nd7 {Lutz: So kommt Weiß
ohne Tempoverlust zu e4 (im Vergleich zu der Variante 7.e3 Nd7 8.a3). Der
kritische Zug ist 7...dxc4, wonach Weiß für den Rückgewinn des Bauern Zeit
verlieren muß.} (7... dxc4 8. g3 (8. Ne5 Bd6 (8... c5 9. Qa4+ Nd7 10. e3 cxd4
11. exd4 Qd8 12. Bxc4 Bd6 13. Bb5 Ke7 14. Rd1 {+/- Yermolinsky,A-Novikov,I/
USSR 35/(520) 1983}) 9. Ne4 Qe7 10. Nxd6+ Qxd6 11. Nxc4 Qd5 12. e3 {+/=
Kharitonov,A-Sveshnikov,E/USSR 32/(510) 1981}) 8... Nd7 9. Bg2 Qd8 10. Nd2 Nb6
11. e3 c5 12. Nxc4 cxd4 13. exd4 Nxc4 14. Qa4+ Bd7 15. Qxc4 Be7 16. Qb3 Bc6 17.
d5 {+/= Sveshnikov,E-Filipenko,A/USSR 34/(507) 1982}) (7... dxc4 $1 {Lutz}) 8.
e4 dxe4 9. Nxe4 Qf4 {N} (9... Qd8 10. Bd3 e5 11. c5 $13 {Ubilava,E-Sveshnikov,
E/USSR 32/(510) 1981}) 10. Bd3 (10. Qe2 $5 Be7 11. g3 Qc7 12. Bg2 $14) 10...
Nf6 (10... Be7 $5 11. O-O O-O 12. Re1 Rd8 13. Qc2 (13. c5 $5 b6 14. Qc2 bxc5
15. dxc5 Nxc5 16. Nxc5 Bxc5 17. Qxc5 Rxd3 18. Ne5 $44) 13... c5 $1 (13... Qc7
14. c5 $16) 14. dxc5 Nxc5 (14... Bxc5 $2 15. Nxc5 Nxc5 16. Bh7+ Kh8 17. b4 $16)
15. Nxc5 Bxc5 16. b4 Be7 $1 (16... Bd6 $6 {Gulko,B-Nikolic,Pr/Novi Sad (ol) 50/
442 1990}) 17. Ne5 Bd7 18. Be4 Rab8 19. g3 Qf6 $14) (10... c5 $6 11. d5 $1 $16)
11. g3 Qc7 12. Nxf6+ gxf6 13. Qe2 Bd7 14. O-O-O b5 $2 {Lutz: Schwarz versucht,
das weiße Zentrum mit ...b5 und ...e5 auszuhebeln, scheitert jedoch taktisch.}
(14... O-O-O $14) (14... c5 {Lutz} 15. d5 {ist ebenfalss sehr unangenehm für
Schwarz, da er aufgrund der Schwäche f5 nicht richtig auf d5 tauschen kann.})
15. c5 (15. cxb5 $1 cxb5+ 16. Kb1 b4 17. d5 $1 bxa3 18. dxe6 fxe6 19. Bb5 Bxb5
20. Qxb5+ Ke7 21. Rhe1 Rb8 22. Rxe6+ $1 $18) 15... O-O-O 16. Nh4 e5 (16... h5
17. f4 f5 18. Nf3 Bg7 $16) 17. Bf5 (17. b4 {Lutz} exd4 18. f4 $5) 17... Bxf5 (
17... exd4 18. b4 $1 $16) 18. Nxf5 exd4 19. b4 Qe5 20. Qf3 (20. Qd3 Rd5 21.
Nxd4 Bxc5 $1 22. bxc5 Rhd8 23. Rhe1 Rxd4 24. Rxe5 Rxd3 25. Rxd3 Rxd3 $17) 20...
Rd5 (20... d3 $1 21. Qxc6+ Kb8 22. Qxb5+ Ka8 23. Rxd3 $1 Qa1+ 24. Kd2 Qb2+ $1 (
24... Rxd3+ $2 25. Qxd3 $1 (25. Kxd3 $2 Qxh1 26. Qe8+ Kb7 27. Qd7+ Kb8 $10)
25... Qxh1 26. Qd8+ Kb7 27. Qd7+ Kb8 28. c6 $18) 25. Ke3 Qe5+ 26. Kd2 Qb2+ $10)
21. Nxd4 Bxc5 (21... Rxd4 22. Qxc6+ Kb8 23. Rde1 Qc7 (23... Rc4+ {Lutz} 24. Kb1
Qf5+ 25. Ka1 {/\ Qb5, /\ Re8}) 24. Re8+ Rd8 25. Qxb5+ Ka8 26. Rd1 $1 $18) (
21... Bg7 $5 22. Rhe1 Qg5+ 23. Qf4 $1 (23. Qe3 $2 Rxd4 $1 24. Rxd4 Re8 $1 25.
f4 Rxe3 26. Rxe3 Qf5 27. Re8+ Kb7 28. Re7+ $10) 23... Rhd8 24. Nxc6 $18) 22.
bxc5 Rxd4 23. Qxc6+ Kb8 24. Qxb5+ Kc7 25. Qa5+ Kb7 26. Rxd4 Qxd4 27. Qb4+ Qxb4
28. axb4 a5 29. bxa5 Ra8 (29... Rc8 30. Kd2 Rxc5 31. Ra1 Ka6 32. Ke3 Rc4 33. h4
$18) 30. Rd1 Rxa5 31. Rd7+ Kc6 32. Rd6+ $1 $18 (32. Rxf7 $4 Rxc5+ 33. Kd2 Rf5
$14) 32... Kxc5 33. Rxf6 Kd4 34. Kd2 Ra2+ 35. Ke1 Ra7 36. Rxh6 f5 37. Re6 f4
38. Rf6 Kd3 39. Kf1 1-0

[Event "Reggio Emilia 9596 38th"]
[Site "Reggio Emilia"]
[Date "1995.12.29"]
[Round "2"]
[White "Dautov, Rustem"]
[Black "Dreev, Alexey"]
[Result "0-1"]
[WhiteElo "2620"]
[BlackElo "2670"]
[Annotator "Dautov,R"]
[PlyCount "120"]
[EventDate "1995.12.28"]
[EventType "tourn"]
[EventRounds "9"]
[EventCountry "ITA"]
[EventCategory "14"]
[SourceTitle "CBM 051"]
[Source "ChessBase"]
[SourceDate "1996.04.01"]
[SourceVersion "1"]
[SourceVersionDate "1996.04.01"]
[SourceQuality "1"]

1. d4 d5 2. c4 c6 3. Nf3 Nf6 4. Nc3 e6 5. Bg5 h6 6. Bxf6 Qxf6 7. e3 Nd7 8. Bd3
dxc4 9. Bxc4 g6 10. O-O Bg7 11. Rc1 O-O 12. Ne4 {N} (12. b4) 12... Qe7 13. Bb3
Rd8 (13... e5 $2 14. d5 cxd5 15. Qxd5 $16) (13... b6 $5 14. Ba4 c5 (14... Ba6
15. Bxc6 Bxf1 16. Bxa8 Bxg2 17. Kxg2 Rxa8 18. Qa4 $14) 15. Bc6 Rb8 16. Qa4 $14)
14. Qc2 Nf6 (14... e5 $5 15. Rfe1 (15. d5 cxd5 16. Bxd5 Nb6 17. Bb3 Bg4 $10 (
17... Bf5 $10)) 15... Kh8 $5 (15... Kh7 $2 16. Bxf7) 16. Ng3 $14 (16. Nc5 Nxc5
17. Qxc5 Qxc5 18. Rxc5 exd4 19. exd4 Bxd4 20. Nxd4 Rxd4 21. Bxf7 Bf5 $10)) 15.
Nc5 b6 (15... Rb8 16. Ne5 Bd7 17. f4 Be8 $14) 16. Ne5 $1 Rd6 (16... bxc5 17.
Nxc6 Qc7 18. Nxd8 Ng4 $5 (18... Qxd8 19. Qxc5 (19. dxc5 Qc7 $13) 19... Bd7 20.
Qc7 Qe8 21. Qa5 $14) 19. g3 Qxd8 20. Qxc5 (20. Qe4 Ba6 21. Qxg4 Bxf1 22. Rxf1
cxd4 $10) 20... Bd7 21. Qc7 Qe8 22. Qb7 a5 23. Rc7 $14) 17. Ncd3 Bb7 18. Ba4 $1
Rc8 19. b4 Nd7 20. f4 $16 {><c6} Nf6 (20... Nxe5 21. fxe5 Rdd8 22. Bb3 Ba6 23.
Bc4 $16) 21. Bb3 Rdd8 22. a3 Nd5 23. Qe2 (23. Qf2 $5 {/\e4,f5}) 23... Ba6 $2 (
23... Qe8 $142 24. Rc2 $16) 24. Bc4 Bb7 (24... Qb7 $2 25. Bxa6 Qxa6 26. Nxf7
$18) 25. e4 $1 (25. Rc2 $16) 25... Nf6 26. f5 Rxd4 27. fxg6 fxg6 $138 28. Nxg6
$2 $138 (28. Qa2 $1 Kh7 (28... Rd6 29. Nxg6 Qe8 30. e5 $18) (28... Re8 29. Nf4
Qd6 (29... Rxe4 30. Bxe6+ Kh7 31. Nexg6 Qd6 32. Bf5 $18) 30. Bxe6+ Kh7 31.
Nexg6 Rd2 32. Bf5 Qd4+ 33. Kh1 Rxa2 34. Ne7+ Kh8 35. Nfg6+ Kh7 36. Ne5+ Kh8 37.
Nf7#) 29. Bxe6 Rf8 (29... Re8 30. Bf7 $18) 30. Nxg6 $1 Kxg6 31. Bf5+ $18) 28...
Qe8 29. Ndf4 $2 (29. e5 $1 Nd5 30. Ngf4 c5 31. bxc5 bxc5 32. Nh5 $16) 29...
Rxe4 30. Qa2 (30. Bxe6+ $2 Qxe6 31. Nxe6 Rxe2 $19) 30... Nd5 31. Rce1 Rxe1 (
31... Bd4+ 32. Kh1 Be3 (32... Re3 33. Rxe3 Bxe3 34. Qb2 $16) 33. Rf3 Kg7 34.
Qb3 $16) 32. Rxe1 Qf7 33. Rxe6 Re8 34. Qe2 $2 (34. Nxd5 $2 cxd5 35. Rxe8+ Qxe8
36. Bxd5+ Bxd5 37. Qxd5+ Kh7 $19) (34. Rxe8+ Qxe8 35. Qb1 Qe3+ 36. Kh1 $10)
34... Rxe6 35. Qxe6 Bd4+ 36. Kh1 (36. Kf1 $2 Ne3+ $17) 36... Qxe6 37. Nxe6 Bf6
38. Ngf4 $2 (38. Nef4 Kg7 39. Nxd5 cxd5 40. Bd3 $15) 38... Nxf4 39. Nxf4+ Kf8
$17 {^^} 40. a4 Ke7 41. Kg1 Bc3 (41... Kd6 42. Nd3 c5 $17) 42. Nd3 c5 (42...
Bc8 $5 43. Kf2 Be6 44. Bxe6 Kxe6 45. Ke3 Kd5 $17) 43. bxc5 bxc5 44. Nf4 $2 (44.
Kf2 {>=} Bd4+ 45. Kf1 Kd6 46. g3 $17) 44... Kd6 45. Kf2 Bc6 46. Bb3 Ke5 47. g3
Ke4 48. Ne6 Bb4 49. Ke2 Bd7 {(.)} 50. h4 (50. Bc2+ Kd5 51. Ng7 Kd4 52. Nf5+ Kc3
53. Kd1 Kb2 54. Nxh6 Bc6 55. Bd3 Bxa4+ 56. Ke2 Bb3 57. Nf5 c4 58. Be4 c3 $19)
50... a5 51. Bc2+ Ke5 52. Nf8 (52. Nf4 Kd4 53. Kf3 Kc3 54. Bd1 c4 $19) 52...
Bg4+ 53. Ke3 Be1 $19 54. Ng6+ Kf6 55. Nf4 (55. Kf4 h5 $19 {/\Bd2#}) 55... Bxg3
56. Nd5+ Ke6 57. Bb3 Bxh4 58. Kf4 Bh3 59. Ne3+ Kd7 60. Nc4 Be1 0-1